LEADER 00937nam1-22003251i-450- 001 990000877040403321 005 20121026134950.0 010 $a0-444-99789-X 035 $a000087704 035 $aFED01000087704 035 $a(Aleph)000087704FED01 035 $a000087704 100 $a20020821d--------km-y0itay50------ba 101 0 $aeng 105 $ay-------001yy 200 1 $aMethods of Foundation Engineering$eDevelopments in Geotechnical Engineering Vol.24 210 $aAmsterdam$cElsevier$d1979 215 $ap.615$cill.$dcm 20 463 \1$1001990000899970403321$12001 $aVol.24 610 0 $aFondazioni 700 1$aBazant,$bZdenek P.$032043 801 0$aIT$bUNINA$gRICA$2UNIMARC 901 $aBK 912 $a990000877040403321 952 $a15 GT-M/2-1$b2598$fDINID 952 $a03 F.0,64$b3634$fIINTC 959 $aDINID 959 $aIINTC 996 $aMethods of Foundation Engineering$9356021 997 $aUNINA LEADER 01047nam a22002651i 4500 001 991001956479707536 005 20040402094123.0 008 040407s1981 fr a||||||||||||||||mul 020 $a2251340432 035 $ab1284889x-39ule_inst 035 $aARCHE-082851$9ExL 040 $aDip.to Scienze Storiche$bita$cA.t.i. Arché s.c.r.l. Pandora Sicilia s.r.l. 041 0 $afrelat 100 0 $aGuibert :$cde Nogent$0171423 245 10$aAutobiographie /$cGuibert de Nogent ; introduction, édition et tradution par Edmond René Labande 260 $aParis :$bLes belles lettres,$c1981 300 $aXXXVII, 496 p. :$bill. ;$c20 cm 440 4$aLes classiques de l'histoire de France au Moyen age ;$v34 700 1 $aLabande, Edmond-René 907 $a.b1284889x$b02-04-14$c16-04-04 912 $a991001956479707536 945 $aLE009 Coll. V, 34$g1$i2009000179523$lle009$o-$pE0.00$q-$rn$so $t0$u1$v0$w1$x0$y.i13405214$z16-04-04 996 $aAutobiographie$9302359 997 $aUNISALENTO 998 $ale009$b16-04-04$cm$da $e-$fmul$gfr $h0$i1